LEADER 01525cam2-2200445---450- 001 990002466630203316 005 20140911142754.0 010 $a88-8416-082-0 035 $a000246663 035 $aUSA01000246663 035 $a(ALEPH)000246663USA01 035 $a000246663 100 $a20050906d2005----km-y0itay50------ba 101 1 $aita$cfre 102 $aIT 105 $aaf||||||001yy 200 1 $aAntonin Artaud$eforsennare il soggettile$fJacques Derrida$ga cura di Alfonso Cariolato 210 $aMilano$cAbscondita$d2005 215 $a114 p., [23] carte di tav.$cill.$d22 cm 225 2 $aCarte d'artisti$v62 300 $aPubblicato originariamente in: Antonin Artaud, di Paule Thevenin, J. Derrida 410 0$1001000122838$12001$aCarte d'artisti$v, 62 454 0$12001$aForcener le subjectile$927350 600 1$aArtaud,$bAntonin$xDisegni$2BNCF 676 $a741.092 700 1$aDERRIDA,$bJacques$0139765 702 1$aCARIOLATO,$bAlfonso 801 0$aIT$bsalbc$gISBD 912 $a990002466630203316 951 $aXII.2. Coll. 47/ 17(IV C 3897)$b182282 L.M.$cXII.2. Coll.$d00182425 959 $aBK 969 $aUMA 979 $aRIVELLI$b90$c20050906$lUSA01$h1337 979 $aRIVELLI$b90$c20050906$lUSA01$h1339 979 $aANNAMARIA$b90$c20110126$lUSA01$h0932 979 $aANNAMARIA$b90$c20110126$lUSA01$h0942 979 $aANNAMARIA$b90$c20110126$lUSA01$h0949 979 $aANNAMARIA$b90$c20140911$lUSA01$h1427 996 $aForcener le subjectile$927350 997 $aUNISA LEADER 01068nam--2200337---450- 001 990002078980203316 005 20090514093624.0 035 $a000207898 035 $aUSA01000207898 035 $a(ALEPH)000207898USA01 035 $a000207898 100 $a20041013d1970----km-y0itay0103----ba 101 $aita 102 $aIT 105 $a||||||||001yy 200 1 $a<>inosservanza dei provvedimenti dell'autorità$elineamenti dogmatici e Storico-Costituzionali dell'articolo 650 del Codice Penale$fGiuseppe Carboni 210 $aMilano$cGiuffré$d1970 215 $aX, 321 p.$d25 cm 410 0$12001 454 1$12001 461 1$1001-------$12001 700 1$aCARBONI,$bGiuseppe$0224550 801 0$aIT$bsalbc$gISBD 912 $a990002078980203316 951 $aXXVI.1.C 133 (IG XI 85)$b25955 G.$cXXVI.1.C 133 (IG XI)$d00171806 959 $aBK 969 $aGIU 979 $aSIAV7$b10$c20041013$lUSA01$h1641 979 $aRSIAV2$b90$c20090514$lUSA01$h0936 996 $aInosservanza dei provvedimenti dell'autorità$91041910 997 $aUNISA LEADER 03611nam 22006492 450 001 9910457177903321 005 20211026151829.0 010 $a1-107-14556-2 010 $a1-280-45787-2 010 $a9786610457878 010 $a0-511-18548-0 010 $a0-511-18465-4 010 $a0-511-18728-9 010 $a0-511-31345-4 010 $a0-511-53664-X 010 $a0-511-18635-5 035 $a(CKB)1000000000353604 035 $a(EBL)256663 035 $a(OCoLC)319033333 035 $a(SSID)ssj0000250183 035 $a(PQKBManifestationID)11208985 035 $a(PQKBTitleCode)TC0000250183 035 $a(PQKBWorkID)10231453 035 $a(PQKB)10774790 035 $a(UkCbUP)CR9780511536649 035 $a(MiAaPQ)EBC256663 035 $a(Au-PeEL)EBL256663 035 $a(CaPaEBR)ebr10124706 035 $a(CaONFJC)MIL45787 035 $a(EXLCZ)991000000000353604 100 $a20090430d2004|||| uy| 0 101 0 $aeng 135 $aur||||||||||| 181 $ctxt$2rdacontent 182 $cc$2rdamedia 183 $acr$2rdacarrier 200 10$aSpray simulation $emodelling and numerical simulation of sprayforming metals /$fUdo Fritsching$b[electronic resource] 210 1$aCambridge :$cCambridge University Press,$d2004. 215 $a1 online resource (xiv, 272 pages) $cdigital, PDF file(s) 300 $aTitle from publisher's bibliographic system (viewed on 05 Oct 2015). 311 $a0-521-03777-8 311 $a0-521-82098-7 320 $aIncludes bibliographical references (p. 245-269) and index. 327 $g1.$tIntroduction --$g2.$tSpray forming of metals --$g2.1.$tThe spray forming process --$g2.2.$tDivision of spray forming into subprocesses --$g3.$tModelling within chemical and process technologies --$g4.$tFluid disintegration --$g4.1.$tMelt flow in tundish and nozzle --$g4.2.$tThe gas flow field near the nozzle --$g4.3.$tJet disintegration --$g5.$tSpray --$g5.1.$tParticle movement and cooling --$g5.2.$tInternal spray flow field --$g5.3.$tSpray-chamber flow --$g5.4.$tDroplet and particle collisions --$g6.$tCompaction --$g6.1.$tDroplet impact and compaction --$g6.2.$tGeometric modelling --$g6.3.$tBillet cooling --$g6.4.$tMaterial properties --$g7.$tAn integral modeling approach --$g8.$tSummary and outlook. 330 $aSpray forming combines the metallurgical processes of metal casting and powder metallurgy to fabricate metal products with enhanced properties. This book provides an introduction to the various modelling and simulation techniques employed in spray forming, and shows how they are applied in process analysis and development. The author begins by deriving and describing the main models. He then presents their application in the simulation of the key features of spray forming. Wherever possible he discusses theoretical results with reference to experimental data. Building on the features of metal spray forming, he also derives common characteristic modelling features that may be useful in the simulation of related spray processes. The book is aimed at researchers and engineers working in process technology, chemical engineering and materials science. 606 $aMetal spraying$xMathematical models 606 $aMetal spraying$xComputer simulation 615 0$aMetal spraying$xMathematical models. 615 0$aMetal spraying$xComputer simulation. 676 $a671.7/34 700 $aFritsching$b Udo$f1959-$01044696 801 0$bUkCbUP 801 1$bUkCbUP 906 $aBOOK 912 $a9910457177903321 996 $aSpray simulation$92470496 997 $aUNINA